Consumer Behavior (Record no. 4428)

MARC details
000 -LEADER
fixed length control field 00288nam a2200133Ia 4500
008 - FIXED-LENGTH DATA ELEMENTS--GENERAL INFORMATION
fixed length control field 221030s9999 xx 000 0 und d
082 ## - DEWEY DECIMAL CLASSIFICATION NUMBER
Classification number 105.23
Item number MBA
245 #0 - TITLE STATEMENT
Title Consumer Behavior
Sub Title CD
260 ## - PUBLICATION, DISTRIBUTION, ETC. (IMPRINT)
Year of publication 2004
650 ## - SUBJECT ADDED ENTRY--TOPICAL TERM
Topical Term Book
700 ## - ADDED ENTRY--PERSONAL NAME
Personal name K. A. Coney
700 ## - ADDED ENTRY--PERSONAL NAME
Personal name R. J. Best
942 ## - ADDED ENTRY ELEMENTS (KOHA)
Koha item type Cd
Holdings
Accession Number Serial Enumeration / chronology Full call number Price effective from Koha item type Withdrawn / writtenoff status Damaged status Not for loan Permanent Location Current Location Shelving location Date acquired Lost/ Missing status department
CD MBA 394 1 105.23 MBA 10/30/2022 Cd       MIET Library, Jammu MIET Library, Jammu BL-First, FL-1, CUP-21, SH-0, R-0 05/12/2007   MBA
CD MBA 392 1 105.23 MBA 10/30/2022 Cd       MIET Library, Jammu MIET Library, Jammu BL-First, FL-1, CUP-21, SH-0, R-0 05/12/2007   MBA
CD MBA 393 1 105.23 MBA 10/30/2022 Cd       MIET Library, Jammu MIET Library, Jammu BL-First, FL-1, CUP-21, SH-0, R-0 05/12/2007   MBA